000 00384 a2200145 4500
001 168190
020 _a
040 _cMagnum
100 _aClark, Nancy
240 1 0 _aGuia de nutricao desportiva: alimentacao para uma vida ativa
_lpor
245 1 0 _aGuia de nutricao desportiva: alimentacao para uma vida ativa
362 0 _a1899
697 _aCIENCIAS MEDICAS SAUDE
942 _cBK
999 _c168190
_d168190